000
00320nam a2200133Ia 4500
008
150301s2014 xx 000 0 und d
082
_a
610.732
_b
F14S
100
_a
SAINI, PARVESH
245
_a
FIRST-AID & EMERGENCY MANAGEMENT
260
_b
LOTOUS PUB.
_c
2014
300
_a
224
650
_a
FIRST AID
942
_2
ddc
_c
BK
999
_c
6778
_d
6778